000 00616nam#a22002535a#4500
001 316
008 060621s1993####ag#a###d#||||#001#0#spa|d
245 1 0 _aContabilidad :
_bTercer curso /
_cFrancisco Cholvis.
250 _a36ยช ed.
260 _aBuenos Aires :
_bAteneo,
_c1993.
300 _a256 p. :
_bil. ;
_c15 cm.
020 _a9500272024
100 1 _aCholvis, Francisco.
080 _a657.32
084 _aCH77
653 _aCuenta corriente
653 _aMonedas
653 _aCambio
653 _aInmuebles
040 _aAR-ClEAG
_cAR-ClEAG
005 20241107184631.0
003 AR-ClEAG
942 _cBK
999 _c316
_d316
980 _62
_aEvangelina Gallicchio
_82
_gEvangelina Gallicchio